000 01120nam a22002777a 4500
999 _c12711
_d12711
003 MIRAKIL
005 20190207162415.0
008 190207b tu ||||| |||| 00| 0 tur d
020 _a9786053993209
040 _aTR-AnCHP
_cTR-AnCHP
041 _atur
082 _a361.23
_bG39 2013
245 1 0 _aGezi Parkı olayları :
_binsan hakları hukuku ve siyasi söylem ışığında bir inceleme /
_cGökçeçiçek Ayata, Pınar Çağlı, İdil Elveriş ...[ve başkaları].
246 _ainsan hakları hukuku ve siyasi söylem ışığında bir inceleme
260 _aİstanbul:
_bBilgi Üniversitesi Yayınları,
_c2013.
300 _a211 s. ;
_c23 sm.
490 0 _aİstanbul Bilgi Üniversitesi Yayınları;
_aİnsan hakları hukuku çalışmaları;
_v444.
_v17.
504 _aDizin vardır.
650 0 _9855
_aToplumsal hareketler
_xTürkiye
650 0 _9442
_aGezi Parkı olayları
_xTürkiye
700 1 _94542
_aAyata, Gökçiçek
700 _95148
_aÇağlı, Pınar
700 _95149
_aElveriş, İdil
740 _ainsan hakları hukuku ve siyasi söylem ışığında bir inceleme
942 _2ddc
_cBKS